000 01520cam a22004574 4500
003 PE-LiUPU
005 20250731173021.0
008 2000 na
020 _a0941037916
035 _a(Sirsi) i9780941037914
035 _a(Sirsi) 24077
035 _a(Sirsi) 24077
041 _aen
044 _aus
082 0 4 _a262.0017
_bL77
100 1 _aLohfink, Norbert
245 _aChurch dreams talking against the trend /
_cNorbert Lohfink; traducido por Linda M. Maloney.
264 1 _aNorth Richland Hills, TX :
_bBIBAL Press,
_c2000
300 _a150 páginas ;
_c22 centímetros
505 0 _aProphecies unfulfilled -- The will of God -- The right society -- The davidic temptation -- The road from violence -- Priests and justice -- The grandchildren of the itinerant apostles.
526 _aSEG42
526 _aSEG41
526 _aSEG40
526 _aSEG39
526 _aP94
526 _aP87
526 _aP86
526 _aP85
526 _aP77
526 _aP76
526 _aP35
650 1 4 _aIglesia Católica
_xDoctrinas
650 1 4 _aIglesia
_xEnseñanza Bíblica
942 _2ddc
_cBOOK
949 _a262.0017 L77
_i47439
_lPOSTGRADO
_mBUL
_tLIBRO
_o.STAFF. Posgrado
910 _aaj-op
994 _aC0
_bPEPRU
596 _a1
999 _a262.0017 L77
_wDEWEY
_c23997
_i47439
_f2021-11-10
_g5
_lCCODEBUL1
_mBUL
_p30.00
_r0
_sY
_tBOOK
_u2015-6-24
_xTEOLOGIA
_PP35
_0COMPRA
_o.STAFF. Colección Teología
_d23997
980 _81
_gALBERTO SANCHEZ Responsable de Automatización